000 00662nam a22002177a 4500
999 _c15810
_d15810
003 AR-CdUCM
008 190430b ||||| |||| 00| 0 spa d
040 _aMUNICIPALIDAD PROVINCIAL DEL CUSCO
_cBIBLIOTECA MUNICIPAL DEL CUSCO
082 _a869.508 /
_bR21 / 1958
100 _aRamírez Adrianzen, Miguel Justino
_935004
245 _aLa atrapadora /
260 _aLima :
_bMinerva,
_c1958.
300 _a13 paginas ;
_c16 cm.
505 _aContenido : Novela costumbrista
650 _aNovela
_9572
650 _aLiteratura Peruana
_9132
650 _aPoetas peruanos
_91611
650 _aSiglo XX
_98
942 _2ddc
_cLIBROS
945 _awnts
_d2019-04-30